| 000 | 00668nam a22002297a 4500 | ||
|---|---|---|---|
| 005 | 20260311143547.0 | ||
| 008 | 260127b |||||||| |||| 00| 0 eng d | ||
| 020 | _a9781473671317 | ||
| 040 | _cAL | ||
| 041 | _aEnglish | ||
| 082 |
_a612.8 _bHAYY |
||
| 100 |
_aNicky Hayes _9258536 |
||
| 245 |
_aYour brain and you _b: a simple guide to neuropsychology |
||
| 260 |
_bTeach Yourself _c2018 |
||
| 300 |
_avii,243p. _bPB _c21.5x14cm. |
||
| 365 |
_aIN-9346 _b₹469.15 _c₹ _d₹469.15 _f14-01-2026 |
||
| 650 |
_aNeuropsychology _9252778 |
||
| 650 |
_aPsychology _9252781 |
||
| 650 |
_aBrain and behavior _9252782 |
||
| 700 |
_aPsychol, C _9252779 |
||
| 942 |
_2ddc _cBK |
||
| 999 |
_c240821 _d240821 |
||